000 005070000a22001930004500
001 003585
003 MACL
005 20150714151700.0
008 150714b xxu||||| |||| 00| 0 eng d
040 _aMACL
_cMACL
041 _aEnglish
082 _a323/TEL
100 _aTeltumbde An,
_92075
245 _aHindutva And Dalits
_bPerspectives For Understsnding Communal Prsxis
_cTeltumbde An
260 _aKolkata
_c2005
_bSamya,
350 _a500
650 _aPolitical Science
_988
942 _k323
_cBK
_2ddc
999 _c15484
_d15484